Visión de los vencidos : relaciones indígenas de la conquista /

Libro fundamental para la historia de México que ofrece una recopilación de crónicas y de relaciones de origen indígena que dan cuenta de los diversos puntos de vista con que vivieron los habitantes originarios de Mesoamérica la llegada de los conquistadores, de los otros que llegaron del mar. Se tr...

Descrizione completa

Salvato in:
Dettagli Bibliografici
Autore principale: León-Portilla, Miguel (selección)
Altri autori: Garibay K., Angel María (versión) (versión), Beltrán, Alberto (ilustración) (ilustración)
Natura: Libro
Lingua:spagnolo
Pubblicazione: México : UNAM, 1959, c1959
Serie:(Biblioteca del Estudiante Universitario ; 81)
Soggetti:
Tags: Aggiungi Tag
Nessun Tag, puoi essere il primo ad aggiungerne!!

MARC

LEADER 00000nam^a2200000^a^4500
001 000138168
005 20250521000000.0
009 20260310095418.733
037 |a Acervo ITESO - Biblioteca 
041 |a ESP 
082 |a 972. 02  |b LEO 
100 |a León-Portilla, Miguel  |e (selección) 
240 1 1 |a [Visión de los vencidos] 
240 1 1 |a [Visión de los vencidos: relaciones indígenas de la conquista] 
245 1 0 |a Visión de los vencidos :  |b relaciones indígenas de la conquista /  |c Selec., introd. y notas de M. León-Portilla ; versión de A.M. Garibay K. ; il. de A. Beltrán. 
264 4 |a México :  |b UNAM,  |c 1959, c1959 
300 |a XXVI, 212 p. 
336 |a texto  |b txt  |2 rdacontenido 
337 |a sin mediación  |b n  |2 rdamedio 
338 |a volumen  |b nc  |2 rdasoporte 
440 1 |a (Biblioteca del Estudiante Universitario ;  |v 81) 
520 |a Libro fundamental para la historia de México que ofrece una recopilación de crónicas y de relaciones de origen indígena que dan cuenta de los diversos puntos de vista con que vivieron los habitantes originarios de Mesoamérica la llegada de los conquistadores, de los otros que llegaron del mar. Se trata de una obra que, al mismo tiempo, rescata la cosmovisión, las creencias y el pensamiento indígena de esa época; su importancia reside en que, por primera vez se dio la palabra y se le puso rostro, en la historia de la Colonia española y en castellano, a los grupos étnicos vencidos y oprimidos, en contraste con los textos españoles en que éstos describían su fascinación por el Nuevo Mundo. 
649 |a XX 
650 |a Aztecas -  |x Historia -  |y Descubrimiento y Conquista, 1517-1521 
650 |a Nahuas -  |x Historia -  |y Descubrimiento y Conquista, 1517-1521 
650 |a Indígenas de México -  |x Historia -  |y Descubrimiento y Conquista, 1517-1521 -  |x Tema Principal 
650 |a Crónicas Indígenas -  |z México 
650 |a Códices Posthispánicos -  |z México 
650 |a Identidad Cultural -  |z México -  |x Historia -  |y Descubrimiento y Conquista, 1517-1521 
650 |a Diferencia y Otredad -  |z México -  |x Historia -  |y Descubrimiento y Conquista, 1517-1521 -  |x Tema Principal 
650 |a Diversidad Cultural -  |z México -  |x Historia -  |y Descubrimiento y Conquista, 1517-1521 
650 |a Representación Social -  |z México -  |x Historia -  |y Descubrimiento y Conquista, 1517-1521 
650 |a Intercambio Cultural -  |z México-España -  |x Historia 
650 |a Relaciones Interculturales -  |z México-España -  |x Historia 
650 |a México -  |x Historia -  |y Descubrimiento y Conquista, 1517-1521 
650 |a México -  |x Historia -  |y Siglo XVI 
650 |a México -  |x Historia -  |y Epoca Colonial, 1517-1821 
700 |a Garibay K., Angel María  |e (versión) 
700 |a Beltrán, Alberto  |e (ilustración) 
910 |a Fondo Salvador Reynoso Reynoso 
920 |a Impresos - Libros 
930 |a Fondos Especiales 
905 |a 112 
901 |a 0800014631  |b IT2  |c ESP  |u 20250521 
902 |a https://opac.biblio.iteso.mx/vufind/Record/000138168